Biggest city to province - Hard - Statistics

General Stats
  • This quiz has been taken 14 times
  • The average score is 3 of 15
Answer Stats
Hint Answer % Correct
Auvergne-Rhône-Alpes Lyon
73%
Schleswig-Holstein Kiel
45%
Asturias Gijón
36%
Nunavut Iqaluit
27%
Oblast Sverdlovsk Yekaterinburg
27%
State of Paraná Curitiba
18%
Abruzzo Pescara
18%
Miyagi Sendai
18%
Drenthe Assen
9%
West Bengal Kolkata
9%
Edo state Benin City
0%
Dorset Bournemouth
0%
North Jeolla Province Jeonju
0%
Gansu Lanzhou
0%
Antioquia Medellin
0%
No matching quizzes found
Score Distribution
Percent of People with Each Score
Percentile by Number Answered
Your Score History
You have not taken this quiz